Responses for Show #7545 - Friday, June 2, 2017

Contestants

[<< previous game]

Erin Mewes, a homemaker from Bristow, Virginia

Miles Lake, a biology student from Pasadena, California

Joe Nguyen, an attorney from New York, New York (whose 2-day cash winnings total $50,001)

[next game >>]

Jeopardy! Round responses

CELEBRITY MEMOIRS
HOUSEHOLD VOCABULARY
I USED TO RUN THE PLACE
(Alex: You name the country.)
GET SOME EXERCISE!
ARCHAEOLOGY
SPEAKING "FRENCH"
    $200 1
Bryan Cranston

Joe
    $200 11
a doormat

Miles
    $200 4
Mexico

Joe
    $200 26
a bicycle

Joe
    $200 21
Troy

Erin
    $200 16
the French horn

Joe
    $400 2
Carrie Fisher

Joe
    $400 12
the lights are on, but no one is home

Erin
    $400 5
Jordan

Miles
    $400 27
a lunge

Erin
    $400 22
(Joe: What is acropolis?)
...
(Alex: As in [*] Aviv.)

tel

Joe
Triple Stumper
    $400 17
French toast

Joe
    $600 3
(Kristin) Chenoweth

Miles
    $600 13
sweeping it under the rug

Joe
    $600 8
South Africa

Joe
    $600 28
a foam roller

Erin
    $600 23
the eruption of Mount Vesuvius

Miles
    $600 18
a French bulldog

Miles
    $800 6
(Erin: Who is Hemingway?)
(Alex: Which one?)
(Erin: Margaret?)

Mariel Hemingway

MilesErin
    $800 14
cottage

Erin
    $800 9
Serbia

Miles
    $800 29
bikram

Miles
    $800 24
the buffalo

Miles
    $800 19
the French and Indian War

Joe
    $1000 7
Jerry Lewis

Triple Stumper
    $1000 15
boardinghouse

Erin
    $1000 10
Sweden

Erin
    $1000 30
(Erin: What is a kettle ball?)
(Alex: You are right. No, sorry.)

a kettle bell

JoeErin
    $2,000 25
(Miles: Who is Dr. Livingstone?)

Howard Carter

Miles
    $1000 20
French Lick

Erin

Scores at the first commercial break (after clue 15):

Joe Miles Erin
$2,000 $2,800 $2,400

Scores at the end of the Jeopardy! Round:

Joe Miles Erin
$4,200 $3,600 $3,600

Double Jeopardy! Round responses

SHAKESPEARE BUFFS
THE 50 STATES
SCIENCE & NATURE
SPELLING "BEE"
THE MANCUNIAN
CANDIDATE
    $400 30
Romeo and Juliet

Joe
    $400 2
the Great Dane

Joe
    $400 1
[Miles selected the first clue.]
(Joe: What is June?)

July

JoeErin
    $400 10
a beehive

Miles
    $400 25
Manchester United

Joe
    $400 18
Election

Miles
    $800 6
The Tempest

Joe
    $800 3
South Carolina

Joe
    $800 15
adaptation

Miles
    $800 11
Beefeater

Joe
    $800 26
A Clockwork Orange

Joe
    $800 19
a baby

Erin
    $2,200 7
(Dame) Helen Mirren

Joe
    $1200 4
Illinois

Joe
    $1200 16
enamel

Joe
    $1200 12
beeswax

Erin
    $1200 27
Davy Jones

Erin
    $1200 22
John McCain

Miles
    $1600 8
(Joe: What is Macbeth?)
(Alex: Yes. No.)

Hamlet

JoeErin
    $1,800 5
the Platte

Joe
    $1600 20
iridium

Miles
    $1600 13
(Joe: What is Bavaria?)

the beer garden

JoeMiles
    $1600 28
opium

Joe
    $1600 23
(Frank) Sinatra

Joe
    $2000 17
(Joe: What is Romeo and Juliet?)
(Erin: What is Othello?)

Macbeth

JoeErin
Triple Stumper
    $2000 9
Maine

Triple Stumper
    $2000 21
the Arctic

Joe
    $2000 14
Beelzebub

Miles
    $2000 29
the Victoria Cross

Joe
    $2000 24
Pedro

Miles

Scores at the end of the Double Jeopardy! Round:

Joe Miles Erin
$16,600 $13,600 $6,800

[wagering suggestions for these scores]

Final Jeopardy! Round responses

SOCIAL & SPORTS BARRIERS
(Alex: [To Joe] It is [*]. We are accepting your response because most people refer to it as Augusta, simply.)
ErinWhat is the Masters Golf Club?
$6,800
MilesWhat is the
$7,777
JoeWhat is Augusta Golf Club?
$10,601
Augusta National Golf Club

Final scores:

Joe Miles Erin
$27,201 $5,823 $0
3-day champion: $77,202 2nd place: $2,000 3rd place: $1,000

Game dynamics:

Coryat scores:

Joe Miles Erin
$15,400 $15,600 $6,800
25 R
(including 2 DDs),
5 W
17 R,
1 W
(including 1 DD)
13 R,
3 W

Combined Coryat: $37,800

[game clues] [game scores] [suggest correction]

Game tape date: Unknown
The J! Archive is created by fans, for fans. Scraping, republication, monetization, and malicious use prohibited; this site may use cookies and collect identifying information. See terms. The Jeopardy! game show and all elements thereof, including but not limited to copyright and trademark thereto, are the property of Jeopardy Productions, Inc. and are protected under law. This website is not affiliated with, sponsored by, or operated by Jeopardy Productions, Inc. Join the discussion at JBoard.tv.